| 000 | 00817cam a2200265 4500 | ||
|---|---|---|---|
| 001 | J224 | ||
| 008 | 090401t1989 xxu||||| |||| 00| 0 eng d | ||
| 035 | _a(Sirsi) u73891 | ||
| 041 | _aeng | ||
| 050 | _a692.8 | ||
| 090 | _aJCT 1989/9AC | ||
| 110 |
_aJoint Contracts Tribunal _93664 |
||
| 245 | _aStandard form of building contract with contractor`s design 1981 edition incorporating Amendments 1 to 5: practice note CD/1A... October 1989 ... | ||
| 250 | _aRev. ed. | ||
| 260 |
_aLondon _bRoyal Institute of British Architects _c1989 |
||
| 300 | _a16p. ; 30cm. | ||
| 350 | _a6.8 | ||
| 490 |
_aJCT Practice Note _vCD/1A |
||
| 650 | _aDESIGN AND BUILD CONTRACTS | ||
| 650 | _aJCT | ||
| 650 | _aPRACTICE NOTES | ||
| 690 | _aBUILT ENVIRONMENT-BUILDING CONTRACT FORMS | ||
| 942 | _n0 | ||
| 948 | _c04/03/1997 | ||
| 999 |
_c95731 _d95731 |
||